[Event "Mistrzostwa Polski"]
[Site "Warsaw POL"]
[Date "2014.03.25"]
[Round "1"]
[White "Wojtaszek, Radoslaw"]
[Black "Jakubowski, Krzysztof"]
[Result "1-0"]
[WhiteElo "2713"]
[BlackElo "2527"]
[PlyCount "79"]
[EventDate "2014.03.25"]

1. d4 d5 2. c4 dxc4 3. e4 Nf6 4. e5 Nd5 5. Bxc4 Nb6 6. Bd3 Nc6 7. Ne2 Nb4 8.
Be4 N4d5 9. Nbc3 e6 10. Nf4 Bb4 11. Qd3 Bd7 12. a3 Bxc3+ 13. bxc3 Bc6 14. Qg3
Qd7 15. Nxd5 Bxd5 16. Bc2 O-O-O 17. O-O f5 18. f3 Qc6 19. Qe1 Rhg8 20. a4 a5
21. Rf2 g5 22. Bd1 h5 23. Rb1 g4 24. Rb5 gxf3 25. Rxa5 fxg2 26. Rc5 Qd7 27. a5
Na4 28. Rxd5 Qxd5 29. Bxa4 Rg4 30. a6 bxa6 31. Qe2 Kb7 32. Bd1 Ka7 33. Qd2 Rgg8
34. Ba3 Qe4 35. Bc5+ Kb8 36. Bxh5 Qh4 37. Qd1 Kc8 38. Bf7 Rg3 39. Bxe6+ Kb7 40.
Qb3+ 1-0

[Event "Mistrzostwa Polski"]
[Site "Warsaw POL"]
[Date "2014.03.25"]
[Round "1"]
[White "Warakomski, Tomasz"]
[Black "Bartel, Mateusz"]
[Result "1-0"]
[WhiteElo "2498"]
[BlackElo "2662"]
[PlyCount "238"]
[EventDate "2014.03.25"]

1. e4 c5 2. Nf3 Nc6 3. d4 cxd4 4. Nxd4 g6 5. Nc3 Bg7 6. Be3 Nf6 7. Be2 O-O 8.
O-O d6 9. Kh1 Bd7 10. f4 Rc8 11. Qd3 Qa5 12. Bf3 Nxd4 13. Bxd4 e5 14. Be3 Be6
15. Rfd1 exf4 16. Bxf4 Ng4 17. Qe2 Ne5 18. Nd5 Rce8 19. Bd2 Qd8 20. Bb4 Nxf3
21. gxf3 Bxb2 22. Rab1 Be5 23. f4 Bxd5 24. fxe5 Bc6 25. Bxd6 Qg5 26. Rd5 Re6
27. Bxf8 Kxf8 28. Re1 Rxe5 29. Rxe5 Qxe5 30. Kg1 Qg5+ 31. Kf1 Qc5 32. Qf2 Qc4+
33. Kg1 Bxe4 34. Qxa7 Kg7 35. Qb6 Bc6 36. Qe3 h5 37. c3 Qxa2 38. Qe5+ Kh7 39.
Re2 Qb1+ 40. Kf2 Qd3 41. Qf4 Qd5 42. Re7 Qc5+ 43. Re3 Bd5 44. Qe5 Qc4 45. Qd4
Qc6 46. h3 Be6 47. Qf4 Qb6 48. Kg3 Qc6 49. Kf2 Qd5 50. Qf3 Qd2+ 51. Re2 Qd7 52.
Re3 Bc4 53. Ke1 b5 54. Qe4 Qa7 55. Qd4 Qa1+ 56. Qd1 Qa8 57. Kf2 h4 58. Qd4 Qa2+
59. Kf3 Bd5+ 60. Kf4 f6 61. Re7+ Kh6 62. Ke3 Qc4 63. Qxf6 Qc5+ 64. Kd2 Qc4 65.
Qf8+ Kh5 66. Rh7+ Kg5 67. Qe7+ Kf5 68. Qxh4 Qxh4 69. Rxh4 g5 70. Rb4 Bc4 71.
Ke3 Kg6 72. Kf3 Kh5 73. Kg3 Kg6 74. Rb1 Kf5 75. Re1 Bd5 76. Re8 Bc4 77. Rd8 Kf6
78. Rd4 Ke5 79. Rg4 Kf6 80. Kf3 Kf5 81. Rd4 Ke5 82. Ke3 Be6 83. Re4+ Kd5 84. h4
gxh4 85. Rxh4 Kc5 86. Kd2 Bf7 87. Rf4 Be6 88. Kd3 Bc4+ 89. Ke4 Be6 90. Ke5 Ba2
91. Kf6 Bd5 92. Rd4 Bc4 93. Rd8 Bf1 94. Rc8+ Kd6 95. Kg6 Kd5 96. Kg5 Bh3 97.
Rc7 Ke4 98. Rh7 Bf1 99. Rh1 Be2 100. Rh3 Bf1 101. Rg3 Be2 102. Kf6 Kd5 103. Re3
Bf1 104. Rf3 Bg2 105. Rf4 Bh3 106. Rh4 Bg2 107. Kf5 Bf1 108. Rd4+ Kc5 109. Ke4
Bc4 110. Rd7 Be6 111. Rc7+ Kd6 112. Rg7 Kc5 113. Ke5 Bc4 114. Rc7+ Kb6 115. Kd6
Ka5 116. Rxc4 bxc4 117. Kc5 Ka6 118. Kxc4 Kb6 119. Kd5 Kc7 1-0

[Event "Mistrzostwa Polski"]
[Site "Warsaw POL"]
[Date "2014.03.25"]
[Round "1"]
[White "Socko, Bartosz"]
[Black "Pakleza, Zbigniew"]
[Result "1/2-1/2"]
[WhiteElo "2651"]
[BlackElo "2490"]
[PlyCount "106"]
[EventDate "2014.03.25"]

1. d4 f5 2. g3 Nf6 3. Bg2 g6 4. Nh3 Bg7 5. Nf4 Nc6 6. d5 Ne5 7. Nc3 c6 8. e4
fxe4 9. Nxe4 Nxe4 10. Bxe4 cxd5 11. Bxd5 e6 12. Bg2 Qa5+ 13. Bd2 Qb5 14. Bc3
O-O 15. Qe2 Qxe2+ 16. Kxe2 Rb8 17. Rhe1 b6 18. Kf1 Ng4 19. Bxg7 Kxg7 20. h3 Nf6
21. Rad1 Ba6+ 22. Kg1 Rfc8 23. c3 g5 24. Ne2 Bxe2 25. Rxe2 Kf7 26. Rd4 Rc5 27.
f4 Rg8 28. Kh2 Ke7 29. Rf2 Rg6 30. Bf1 Rd5 31. Rxd5 Nxd5 32. Bd3 Rf6 33. c4 Ne3
34. Re2 gxf4 35. gxf4 Nf5 36. Rg2 Kd6 37. b4 h6 38. Rg8 Ne7 39. Rg4 Nc6 40. b5
Nd4 41. Kg3 Kc5 42. Rg7 e5 43. Rxd7 Rxf4 44. Kg2 Kb4 45. a4 Nb3 46. Bh7 Nc5 47.
Rxa7 Rxc4 48. a5 Kxb5 49. axb6 Kxb6 50. Rf7 Ne6 51. Rf6 Rc6 52. Be4 Rd6 53. Kf1
Kc5 1/2-1/2

[Event "Mistrzostwa Polski"]
[Site "Warsaw POL"]
[Date "2014.03.25"]
[Round "1"]
[White "Kanarek, Marcel"]
[Black "Krasenkow, Michal"]
[Result "0-1"]
[WhiteElo "2476"]
[BlackElo "2640"]
[PlyCount "62"]
[EventDate "2014.03.25"]

1. d4 Nf6 2. c4 d6 3. Nc3 Bf5 4. g3 c6 5. Bg2 e5 6. Nf3 Nbd7 7. O-O Be7 8. Nh4
Bg6 9. e3 O-O 10. Nxg6 hxg6 11. b3 Re8 12. Qc2 Qc7 13. Bb2 Bf8 14. Rad1 exd4
15. exd4 d5 16. cxd5 cxd5 17. Qd3 Nb6 18. Rc1 Qd7 19. Nb5 Rec8 20. Rxc8 Rxc8
21. Rc1 Nc4 22. bxc4 dxc4 23. Qe2 Qxb5 24. Bf1 Qb4 25. a3 Qb6 26. Ba1 Bxa3 27.
Rxc4 Rxc4 28. Qxc4 Qb1 29. Bc3 Ne4 30. Qc8+ Bf8 31. d5 Qc2 0-1

[Event "Mistrzostwa Polski"]
[Site "Warsaw POL"]
[Date "2014.03.25"]
[Round "1"]
[White "Gajewski, Grzegorz"]
[Black "Sadzikowski, Daniel"]
[Result "1/2-1/2"]
[WhiteElo "2631"]
[BlackElo "2470"]
[PlyCount "81"]
[EventDate "2014.03.25"]

1. c4 c5 2. Nf3 Nc6 3. Nc3 Nd4 4. e3 Nxf3+ 5. Qxf3 g6 6. g3 Bg7 7. Bg2 d6 8.
O-O Nh6 9. d4 cxd4 10. exd4 Nf5 11. d5 O-O 12. Qd3 a6 13. a4 Bd7 14. Re1 Rc8
15. Rb1 Re8 16. b3 b5 17. axb5 axb5 18. Nxb5 Bxb5 19. cxb5 Rc3 20. Qd1 Qa8 21.
b4 Qb7 22. Bb2 Rc4 23. Bxg7 Kxg7 24. Re4 Rxe4 25. Bxe4 Qxb5 26. Qc2 e6 27. Qc6
Rb8 28. Bxf5 gxf5 29. Qxd6 exd5 30. Qe5+ Kg6 31. h4 h5 32. Qd6+ f6 33. Kg2 Rb6
34. Qe7 Rb7 35. Qe3 Rb8 36. Qf4 Rb7 37. Rb3 Qc4 38. Qxc4 dxc4 39. Rb1 c3 40. b5
c2 41. Rc1 1/2-1/2

[Event "Mistrzostwa Polski"]
[Site "Warsaw POL"]
[Date "2014.03.25"]
[Round "1"]
[White "Grabarczyk, Miroslaw"]
[Black "Swiercz, Dariusz"]
[Result "1/2-1/2"]
[WhiteElo "2466"]
[BlackElo "2631"]
[PlyCount "82"]
[EventDate "2014.03.25"]

1. d4 d5 2. c4 e6 3. Nf3 Nf6 4. g3 dxc4 5. Qa4+ Nc6 6. Qxc4 Qd5 7. Qd3 Qf5 8.
Qxf5 exf5 9. a3 Be6 10. Nc3 Na5 11. Bf4 O-O-O 12. Rc1 Nb3 13. Rc2 Na1 14. Rc1
Nb3 15. Rc2 Bd6 16. Bxd6 Rxd6 17. e3 a6 18. Ng5 Kb8 19. Be2 Rc8 20. Nxe6 fxe6
21. O-O c5 22. dxc5 Nxc5 23. Rd1 Rxd1+ 24. Nxd1 e5 25. Kf1 Rc7 26. Ke1 g6 27.
b4 Nce4 28. Rxc7 Kxc7 29. f3 Nd6 30. Kd2 Nd5 31. Nf2 Nb6 32. Kc3 Nd5+ 33. Kd2
b5 34. e4 Nb6 35. Kc3 fxe4 36. Nxe4 Nxe4+ 37. fxe4 Nc8 38. Bd3 Nd6 39. Kd2 Kd7
40. Ke3 Ke6 41. Be2 Kf6 1/2-1/2

[Event "Mistrzostwa Polski"]
[Site "Warsaw POL"]
[Date "2014.03.25"]
[Round "1"]
[White "Piorun, Kacper"]
[Black "Stachowiak, Kamil"]
[Result "1/2-1/2"]
[WhiteElo "2570"]
[BlackElo "2442"]
[PlyCount "91"]
[EventDate "2014.03.25"]

1. e4 c5 2. Nf3 e6 3. d3 Nc6 4. g3 d5 5. Qe2 Nf6 6. Bg2 Be7 7. O-O O-O 8. e5
Nd7 9. Re1 b5 10. Nbd2 b4 11. Nf1 a5 12. h4 Ba6 13. Bg5 c4 14. Qd2 Nc5 15. dxc4
Ne4 16. Bxe7 Qxe7 17. Qf4 Bxc4 18. Ne3 Bb5 19. Ng5 f5 20. exf6 Rxf6 21. Qg4 Ne5
22. Qh5 Rh6 23. Qd1 Bc6 24. Nxe4 dxe4 25. Ng4 Nxg4 26. Qxg4 Rf8 27. Bxe4 Qc5
28. Re2 Bb5 29. Rd2 Rhf6 30. Qg5 Qb6 31. Qe3 Qxe3 32. fxe3 Rf1+ 33. Rxf1 Rxf1+
34. Kg2 Re1 35. Rd8+ Kf7 36. Ra8 Rxe3 37. Rxa5 Bc4 38. Bxh7 Bd5+ 39. Kf2 Rf3+
40. Ke2 Rxg3 41. h5 Rh3 42. Bg6+ Kf6 43. a3 b3 44. Rc5 Ke5 45. Rc7 bxc2 46.
Bxc2 1/2-1/2

[Event "Mistrzostwa Polski"]
[Site "Warsaw POL"]
[Date "2014.03.25"]
[Round "1"]
[White "Sieciechowicz, Marcin"]
[Black "Markowski, Tomasz"]
[Result "0-1"]
[WhiteElo "2436"]
[BlackElo "2566"]
[PlyCount "140"]
[EventDate "2014.03.25"]

1. d4 Nf6 2. Nf3 e6 3. Bg5 h6 4. Bh4 b6 5. e3 Bb7 6. Bd3 Be7 7. O-O c5 8. c3
O-O 9. Nbd2 Nc6 10. Qe2 cxd4 11. cxd4 Nb4 12. Bc4 a6 13. a3 Nbd5 14. Rfc1 d6
15. Bd3 b5 16. h3 Qd7 17. Rc2 Rfc8 18. Rac1 Rxc2 19. Rxc2 Rc8 20. Qd1 Kf8 21.
Rxc8+ Qxc8 22. Qc2 Qxc2 23. Bxc2 Nb6 24. Ne1 Nc4 25. Nxc4 bxc4 26. b3 cxb3 27.
Bxb3 g5 28. Bg3 Ne4 29. Bh2 Ke8 30. f3 Nd2 31. Ba2 a5 32. Kf2 Ba6 33. e4 Kd7
34. Nc2 Bd8 35. Ke1 Nc4 36. Bxc4 Bxc4 37. Ne3 Bb5 38. Kd2 a4 39. Kc3 Ba5+ 40.
Kc2 h5 41. g4 h4 42. f4 gxf4 43. Bxf4 Be2 44. d5 Bb6 45. dxe6+ fxe6 46. Kd2 Bf3
47. e5 d5 48. Bg5 Bc5 49. Nc2 Bg2 50. Bxh4 Bxh3 51. g5 Bf5 52. Nb4 Bd4 53. Na2
Kc6 54. Nc3 Kc5 55. Nxa4+ Kc4 56. g6 Kb3 57. g7 Bh7 58. g8=Q Bxg8 59. Kd3 Bxe5
60. Nc5+ Kxa3 61. Be7 Ka2 62. Ke3 Bg7 63. Nd7 d4+ 64. Kd3 Bh7+ 65. Kc4 Kb2 66.
Bg5 Kc2 67. Kc5 e5 68. Nb6 Bg8 69. Nc8 Bf8+ 70. Nd6 d3 0-1

[Event "Mistrzostwa Polski"]
[Site "Warsaw POL"]
[Date "2014.03.25"]
[Round "1"]
[White "Duda, Jan-Krzysztof"]
[Black "Wieczorek, Oskar"]
[Result "1-0"]
[WhiteElo "2563"]
[BlackElo "2407"]
[PlyCount "49"]
[EventDate "2014.03.25"]

1. e4 c5 2. Nf3 e6 3. d4 cxd4 4. Nxd4 Nc6 5. Nc3 Qc7 6. Be2 a6 7. O-O Nf6 8.
Be3 Bb4 9. Nxc6 bxc6 10. f4 Bxc3 11. bxc3 Nxe4 12. Bf3 Nd6 13. Bc5 Nb7 14. Bd4
O-O 15. Qd2 c5 16. Be5 Qa5 17. Rab1 d5 18. f5 Qd8 19. fxe6 fxe6 20. Bh5 Nd6 21.
Rxf8+ Qxf8 22. Rf1 Qe7 23. Qf4 Ne4 24. Bf7+ Kh8 25. Qh6 1-0

[Event "Mistrzostwa Polski"]
[Site "Warsaw POL"]
[Date "2014.03.25"]
[Round "1"]
[White "Weichhold, Pawel"]
[Black "Heberla, Bartlomiej"]
[Result "0-1"]
[WhiteElo "2394"]
[BlackElo "2544"]
[PlyCount "132"]
[EventDate "2014.03.25"]

1. e4 c5 2. Nf3 e6 3. d4 cxd4 4. Nxd4 Nf6 5. Nc3 Nc6 6. Ndb5 Bc5 7. Bf4 O-O 8.
Bc7 Qe7 9. Bd6 Bxd6 10. Qxd6 Qd8 11. O-O-O a6 12. Nd4 Qb6 13. Na4 Qa5 14. Nc3
Qb6 15. Na4 Qa5 16. Nc3 Ne8 17. Qg3 b5 18. Nxc6 dxc6 19. Kb1 b4 20. Ne2 c5 21.
Nf4 Bb7 22. f3 Bc6 23. Qg5 h6 24. Qe5 Qb6 25. g4 Bb5 26. g5 Qc7 27. Qxc7 Nxc7
28. gxh6 gxh6 29. Rg1+ Kh8 30. Nh5 Rg8 31. Rxg8+ Rxg8 32. Bxb5 Nxb5 33. Nf6 Rc8
34. e5 Nd4 35. Rd3 Kg7 36. c3 bxc3 37. bxc3 Rb8+ 38. Kc1 Ne2+ 39. Kc2 Kg6 40.
Rd2 Nf4 41. Rd6 c4 42. Nd7 Rb7 43. Nb6 Nd3 44. f4 Nxf4 45. Nxc4 Rc7 46. Kb3 Ne2
47. Rd2 Nc1+ 48. Kb4 Kf5 49. Rd1 Ne2 50. Rd3 Nf4 51. Rf3 Ke4 52. Re3+ Kd5 53.
Na5 Rc8 54. Nb3 Rb8+ 55. Ka5 Ng6 56. Kxa6 Nxe5 57. Re2 Nc4 58. Ka7 Rb5 59. Re1
e5 60. Rf1 Ke6 61. Re1 Rd5 62. a4 f5 63. Ra1 f4 64. a5 Rb5 65. a6 Rxb3 66. Ka8
Kd6 0-1

[Event "Mistrzostwa Polski"]
[Site "Warsaw POL"]
[Date "2014.03.25"]
[Round "1"]
[White "Tomczak, Jacek"]
[Black "Adamski, Jan"]
[Result "1-0"]
[WhiteElo "2544"]
[BlackElo "2302"]
[PlyCount "105"]
[EventDate "2014.03.25"]

1. e4 c5 2. Nf3 a6 3. c3 g6 4. d4 cxd4 5. Qxd4 Nf6 6. e5 Nc6 7. Qh4 Nh5 8. g4
Ng7 9. Be3 Ne6 10. Nbd2 Qc7 11. Nc4 b5 12. Nb6 Rb8 13. Nd5 Qd8 14. Bg2 h5 15.
h3 Bg7 16. Qg3 hxg4 17. hxg4 Rxh1+ 18. Bxh1 d6 19. exd6 Qxd6 20. Qxd6 exd6 21.
O-O-O Bb7 22. Nd2 Ne5 23. g5 Ng4 24. Ba7 Ra8 25. Bb6 Rb8 26. Nc7+ Kd7 27. Nxe6
fxe6 28. Ba7 Ra8 29. Bxb7 Rxa7 30. Be4 d5 31. Bxg6 Be5 32. f3 Nf2 33. Rf1 Nh3
34. Bd3 Kd6 35. Kc2 Rg7 36. g6 Ke7 37. Nb3 Kf6 38. Nc5 Nf4 39. Rg1 a5 40. Bxb5
Rxg6 41. Rxg6+ Kxg6 42. b4 axb4 43. cxb4 Bd6 44. a4 e5 45. a5 Bxc5 46. bxc5 Ne6
47. Be8+ Kf6 48. a6 e4 49. a7 Nc7 50. fxe4 Ke5 51. Bc6 dxe4 52. a8=Q Nxa8 53.
Bxa8 1-0

[Event "Mistrzostwa Polski"]
[Site "Warsaw POL"]
[Date "2014.03.26"]
[Round "2"]
[White "Heberla, Bartlomiej"]
[Black "Wojtaszek, Radoslaw"]
[Result "1/2-1/2"]
[WhiteElo "2544"]
[BlackElo "2713"]
[PlyCount "80"]
[EventDate "2014.03.25"]

1. c4 e6 2. Nc3 d5 3. d4 Bb4 4. cxd5 exd5 5. Bf4 c5 6. e3 c4 7. Be2 Nc6 8. Nf3
Nge7 9. O-O O-O 10. a3 Bxc3 11. bxc3 b5 12. a4 b4 13. cxb4 Nxb4 14. a5 Bf5 15.
Qd2 Nec6 16. Ne5 Qe7 17. Nxc6 Nxc6 18. a6 Nb4 19. Ra5 Rac8 20. Qc3 Rfd8 21.
Rfa1 Nd3 22. Bxd3 cxd3 23. Rc5 h5 24. h3 Qe6 25. Kh2 f6 26. Raa5 h4 27. Bc7 Rd7
28. Bf4 Re8 29. Rc6 Qe4 30. f3 Qe7 31. e4 Bxe4 32. fxe4 Qxe4 33. Qc1 Qxd4 34.
Rc8 Rxc8 35. Qxc8+ Kh7 36. Qxd7 Qxf4+ 37. Kh1 Qf1+ 38. Kh2 Qf4+ 39. Kh1 Qf1+
40. Kh2 Qf4+ 1/2-1/2

[Event "Mistrzostwa Polski"]
[Site "Warsaw POL"]
[Date "2014.03.26"]
[Round "2"]
[White "Krasenkow, Michal"]
[Black "Duda, Jan-Krzysztof"]
[Result "1/2-1/2"]
[WhiteElo "2640"]
[BlackElo "2563"]
[PlyCount "74"]
[EventDate "2014.03.25"]

1. Nf3 Nf6 2. c4 e6 3. b3 b6 4. Bb2 Bb7 5. e3 Be7 6. d4 O-O 7. Bd3 c5 8. O-O
cxd4 9. exd4 d5 10. Nc3 Nbd7 11. Qe2 Re8 12. Rfd1 Rc8 13. Ne5 dxc4 14. bxc4 Bf8
15. f4 g6 16. Kh1 Nh5 17. Qf2 Ndf6 18. Be2 Ng7 19. Bf3 Bxf3 20. Qxf3 Nf5 21. d5
Nd6 22. dxe6 Rxe6 23. Nd5 Bg7 24. f5 Nxf5 25. Nxf7 Qf8 26. Ng5 Ree8 27. Ba3 Nd6
28. Bxd6 Qxd6 29. Nxf6+ Qxf6 30. Qd5+ Kh8 31. Nf7+ Kg8 32. Ng5+ Kh8 33. Rf1 Rc5
34. Nf7+ Kg8 35. Nh6+ Kh8 36. Nf7+ Kg8 37. Nh6+ Kh8 1/2-1/2

[Event "Mistrzostwa Polski"]
[Site "Warsaw POL"]
[Date "2014.03.26"]
[Round "2"]
[White "Markowski, Tomasz"]
[Black "Tomczak, Jacek"]
[Result "1-0"]
[WhiteElo "2566"]
[BlackElo "2544"]
[PlyCount "77"]
[EventDate "2014.03.25"]

1. d4 Nf6 2. Nf3 g6 3. c3 Bg7 4. Bf4 O-O 5. e3 d5 6. Be2 c5 7. Nbd2 Nfd7 8. b4
cxb4 9. cxb4 Nc6 10. b5 Na5 11. Qa4 b6 12. O-O Bb7 13. Rac1 f6 14. Nb3 Nxb3 15.
axb3 e5 16. Bg3 Qb8 17. b4 Qd6 18. Rfd1 Rfe8 19. e4 Bh6 20. dxe5 fxe5 21. Rc2
Nf6 22. exd5 Ne4 23. Bh4 Rec8 24. Qb3 Kh8 25. Rc6 Bxc6 26. dxc6 Qf8 27. Rd7 Qf4
28. g3 Qc1+ 29. Rd1 Qc3 30. Bf6+ Bg7 31. Bxg7+ Kxg7 32. Rd7+ Kh8 33. Qf7 Qc1+
34. Bf1 Qh6 35. Qd5 Nf6 36. Qxe5 Rf8 37. Re7 Qh5 38. Ng5 h6 39. Rh7+ 1-0

[Event "Mistrzostwa Polski"]
[Site "Warsaw POL"]
[Date "2014.03.26"]
[Round "2"]
[White "Swiercz, Dariusz"]
[Black "Warakomski, Tomasz"]
[Result "1/2-1/2"]
[WhiteElo "2631"]
[BlackElo "2498"]
[PlyCount "81"]
[EventDate "2014.03.25"]

1. e4 e5 2. Nf3 Nc6 3. Bb5 Nf6 4. d3 Bc5 5. c3 O-O 6. O-O d6 7. h3 Ne7 8. d4
Bb6 9. Re1 Ng6 10. Nbd2 d5 11. Nxe5 Nxe5 12. dxe5 Nxe4 13. Nxe4 dxe4 14. Qxd8
Rxd8 15. Bf4 Bf5 16. Ba4 h6 17. h4 c6 18. Re2 e3 19. Bxe3 Bxe3 20. Rxe3 Rd2 21.
b4 a5 22. b5 c5 23. Bd1 Rad8 24. Bb3 Rb2 25. Rae1 Be6 26. Bxe6 fxe6 27. a4 Rf8
28. R1e2 Rxe2 29. Rxe2 Rf4 30. Rd2 Rxh4 31. Rd7 Rxa4 32. Rxb7 Rc4 33. Ra7 Rxc3
34. Rxa5 Rb3 35. b6 c4 36. Rc5 Rxb6 37. Rxc4 Rb5 38. f4 g5 39. fxg5 hxg5 40.
Re4 Kf7 41. Kf2 1/2-1/2

[Event "Mistrzostwa Polski"]
[Site "Warsaw POL"]
[Date "2014.03.26"]
[Round "2"]
[White "Sadzikowski, Daniel"]
[Black "Socko, Bartosz"]
[Result "1/2-1/2"]
[WhiteElo "2470"]
[BlackElo "2651"]
[PlyCount "175"]
[EventDate "2014.03.25"]

1. e4 c5 2. Nf3 Nc6 3. Bb5 e6 4. O-O Nge7 5. Re1 a6 6. Bf1 d5 7. exd5 Qxd5 8.
Na3 g6 9. Nc4 Qd8 10. a4 Bg7 11. a5 O-O 12. d3 Nd5 13. c3 Qc7 14. Qb3 Bd7 15.
Qa3 Rfe8 16. g3 Rad8 17. Bg2 Bc8 18. Nfd2 e5 19. Ne4 Bf5 20. Bg5 f6 21. Be3
Nxe3 22. Rxe3 Bxe4 23. dxe4 Nd4 24. Qa4 Nb5 25. Rd1 Bf8 26. Bh3 Qf7 27. Bf1 Kg7
28. Ree1 Qc7 29. Nb6 Nd6 30. Bc4 f5 31. exf5 gxf5 32. Ba2 e4 33. Nd5 Qd7 34.
Qxd7+ Rxd7 35. Nf4 Kf6 36. Rd5 Rdd8 37. Rxc5 Nb5 38. Rd5 Nc7 39. Rdd1 Bh6 40.
Kf1 Bxf4 41. gxf4 Ne6 42. Bxe6 Kxe6 43. Ke2 Rc8 44. Rd4 Rc5 45. Ra1 Rb5 46. Rd2
Rc8 47. Ra4 Rc7 48. h3 Ke7 49. Kd1 Rbc5 50. Kc2 Ke6 51. Rd8 Ke7 52. Rdd4 Ke6
53. Ra1 Ke7 54. Rb4 Rd5 55. Rg1 Kf7 56. Rd1 Rxa5 57. Rb6 Rac5 58. Rdd6 a5 59.
Kb3 Ke7 60. Rh6 Kf8 61. h4 Kg7 62. Rhd6 Kf8 63. h5 Ke7 64. Rh6 Kf8 65. Rhd6 Ke7
66. Re6+ Kf8 67. Ka3 Rd7 68. Red6 Rxd6 69. Rxd6 b5 70. Rd7 h6 71. Kb3 Kg8 72.
Rd6 Kg7 73. Rd7+ Kg8 74. Rd8+ Kf7 75. Rd1 Ke7 76. Rd4 Ke6 77. Rd8 Rd5 78. Rb8
Kf7 79. Rb7+ Kg8 80. Kc2 a4 81. Kc1 Kf8 82. Kb1 a3 83. bxa3 Rd1+ 84. Kc2 Rf1
85. Rxb5 Rxf2+ 86. Kb3 Rxf4 87. a4 Rf1 88. a5 1/2-1/2

[Event "Mistrzostwa Polski"]
[Site "Warsaw POL"]
[Date "2014.03.26"]
[Round "2"]
[White "Stachowiak, Kamil"]
[Black "Gajewski, Grzegorz"]
[Result "0-1"]
[WhiteElo "2442"]
[BlackElo "2631"]
[PlyCount "66"]
[EventDate "2014.03.25"]

1. d4 Nf6 2. c4 e6 3. Nc3 Bb4 4. g3 O-O 5. Bg2 d6 6. Nf3 Bxc3+ 7. bxc3 Nbd7 8.
O-O h6 9. Rb1 Re8 10. Nd2 Rb8 11. Qa4 a6 12. Ba3 e5 13. Rfe1 e4 14. e3 Nf8 15.
c5 d5 16. c4 Bd7 17. Qc2 Bc6 18. cxd5 Bxd5 19. Nc4 N6h7 20. Rb2 Ng5 21. Bb4 Ng6
22. Nd2 Qd7 23. Nb1 Nf3+ 24. Bxf3 exf3 25. Qd3 Re4 26. Qf1 Qe6 27. Nd2 Nh4 28.
Rc2 Ng2 29. Nxf3 Nxe1 30. Nxe1 Re8 31. a3 Bc6 32. Bd2 Bb5 33. Qg2 Rxd4 0-1

[Event "Mistrzostwa Polski"]
[Site "Warsaw POL"]
[Date "2014.03.26"]
[Round "2"]
[White "Pakleza, Zbigniew"]
[Black "Piorun, Kacper"]
[Result "1/2-1/2"]
[WhiteElo "2490"]
[BlackElo "2570"]
[PlyCount "114"]
[EventDate "2014.03.25"]

1. d4 Nf6 2. Bf4 g6 3. e3 Bg7 4. Nf3 O-O 5. Be2 d6 6. h3 c5 7. c3 b6 8. O-O Bb7
9. Nbd2 Nbd7 10. a4 a6 11. Bg3 Ra7 12. Qb3 Qa8 13. Rfd1 Ne4 14. Nxe4 Bxe4 15.
Bh4 Nf6 16. Bf1 Bd5 17. c4 Bxf3 18. gxf3 cxd4 19. exd4 d5 20. Bg3 dxc4 21. Bxc4
Nh5 22. Bh2 Bh6 23. d5 Bf4 24. Bxf4 Nxf4 25. Qe3 g5 26. Bf1 Rd7 27. h4 Rxd5 28.
Rxd5 Qxd5 29. Qxe7 gxh4 30. Qxh4 Qe5 31. Rd1 a5 32. Rd8 Ne6 33. Qg4+ Kh8 34.
Rxf8+ Nxf8 35. Bc4 Qf6 36. b3 Ng6 37. Kg2 Ne5 38. Qg3 Ng6 39. Qg4 h6 40. Kg3
Ne5 41. Qe4 Qg5+ 42. Kh2 Kg7 43. Be2 Ng6 44. Qe3 Qh4+ 45. Kg1 Nf4 46. Bf1 Qf6
47. Kh2 Qd6 48. Kg1 Kf6 49. Qe8 Qe6 50. Qd8+ Ke5 51. Qc7+ Kf5 52. Kh2 Kg5 53.
Qd8+ f6 54. Qc7 h5 55. Qg7+ Kf5 56. Qh7+ Kg5 57. Qg7+ Kf5 1/2-1/2

[Event "Mistrzostwa Polski"]
[Site "Warsaw POL"]
[Date "2014.03.26"]
[Round "2"]
[White "Bartel, Mateusz"]
[Black "Grabarczyk, Miroslaw"]
[Result "1-0"]
[WhiteElo "2662"]
[BlackElo "2466"]
[PlyCount "67"]
[EventDate "2014.03.25"]

1. e4 e5 2. Nf3 Nf6 3. Nxe5 d6 4. Nf3 Nxe4 5. Nc3 Nf6 6. d4 Be7 7. Bg5 O-O 8.
Qd2 h6 9. Bf4 Bf5 10. O-O-O Nbd7 11. Bd3 Bxd3 12. Qxd3 d5 13. g4 c6 14. Rdg1
Re8 15. g5 hxg5 16. Nxg5 Nf8 17. Be5 Bd6 18. f4 Bxe5 19. fxe5 N6d7 20. Nxf7
Kxf7 21. Qf5+ Nf6 22. Rf1 Re6 23. Rhg1 g6 24. Qf3 Kg7 25. Ne2 Qe7 26. Ng3 Kf7
27. h4 N8d7 28. h5 Rg8 29. hxg6+ Rxg6 30. Nh5 Rxg1 31. Rxg1 Qf8 32. Rg7+ Ke8
33. Qf5 Re7 34. Nxf6+ 1-0

[Event "Mistrzostwa Polski"]
[Site "Warsaw POL"]
[Date "2014.03.26"]
[Round "2"]
[White "Jakubowski, Krzysztof"]
[Black "Weichhold, Pawel"]
[Result "1-0"]
[WhiteElo "2527"]
[BlackElo "2394"]
[PlyCount "121"]
[EventDate "2014.03.25"]

1. e4 c5 2. Nf3 Nc6 3. d4 cxd4 4. Nxd4 g6 5. Nc3 Bg7 6. Be3 Nf6 7. Bc4 O-O 8.
Bb3 d6 9. f3 Bd7 10. h4 Ne5 11. h5 Nxh5 12. g4 Nf6 13. Qd2 Rc8 14. Bh6 Bxh6 15.
Rxh6 Qa5 16. O-O-O Rxc3 17. Qxc3 Qxc3 18. bxc3 Rc8 19. Kb2 Kg7 20. Rh2 a5 21.
a3 a4 22. Ba2 h5 23. gxh5 Nxh5 24. Rh4 Kf6 25. f4 Ng4 26. Rf1 Kg7 27. Rg1 Nxf4
28. Rhxg4 Bxg4 29. Rxg4 Nh5 30. Rg1 Nf6 31. Re1 Rc5 32. Nf3 Nd7 33. c4 Rh5 34.
c3 Rh3 35. Rf1 Rg3 36. Bb1 Rg2+ 37. Kc1 Nc5 38. Bc2 Rg4 39. Kd2 Rg2+ 40. Kd1
Rg4 41. Rg1 Nxe4 42. Rxg4 Nf2+ 43. Ke2 Nxg4 44. Bxa4 e5 45. Bd7 f5 46. a4 Nf6
47. Bc8 b6 48. c5 dxc5 49. Nxe5 Nd5 50. Kd2 Kf6 51. Nd7+ Ke7 52. c4 Nf6 53.
Nxb6 Kd6 54. a5 Kc6 55. Be6 Kb7 56. Bc8+ Kc6 57. Ba6 g5 58. Nd5 Ne4+ 59. Kd3
Nd6 60. Bb5+ Nxb5 61. Ne7+ 1-0

[Event "Mistrzostwa Polski"]
[Site "Warsaw POL"]
[Date "2014.03.26"]
[Round "2"]
[White "Wieczorek, Oskar"]
[Black "Kanarek, Marcel"]
[Result "0-1"]
[WhiteElo "2407"]
[BlackElo "2476"]
[PlyCount "88"]
[EventDate "2014.03.25"]

1. d4 Nf6 2. c4 e6 3. Nf3 d5 4. g3 Bb4+ 5. Bd2 Be7 6. Bg2 O-O 7. O-O c6 8. b3
b6 9. Bc3 Bb7 10. Nbd2 Nbd7 11. Rc1 c5 12. Ne5 cxd4 13. Bxd4 Nxe5 14. Bxe5 Rc8
15. e3 Ba6 16. Qf3 Ba3 17. Rcd1 Qe7 18. Qf4 Nd7 19. Ba1 Bd6 20. Qg4 Be5 21.
Bxe5 Nxe5 22. Qf4 Ng6 23. Qd4 Rfd8 24. Qc3 Qc7 25. Qb4 dxc4 26. Nxc4 Ne5 27.
Rxd8+ Rxd8 28. Qa4 Bxc4 29. bxc4 g6 30. Rc1 Rd2 31. Qb3 Qd6 32. Rf1 Qc5 33. Qa4
Qc7 34. Qa6 Nd3 35. h4 h5 36. a4 Nc5 37. Qb5 a6 38. Qb4 Ra2 39. Rd1 Rxa4 40.
Qb2 Nd7 41. Qd4 Ne5 42. f4 Ng4 43. Bf1 Ra3 44. Bd3 Qc5 0-1

[Event "Mistrzostwa Polski"]
[Site "Warsaw POL"]
[Date "2014.03.26"]
[Round "2"]
[White "Adamski, Jan"]
[Black "Sieciechowicz, Marcin"]
[Result "1/2-1/2"]
[WhiteElo "2302"]
[BlackElo "2436"]
[PlyCount "68"]
[EventDate "2014.03.25"]

1. Nf3 Nf6 2. c4 g6 3. Nc3 d5 4. cxd5 Nxd5 5. Qa4+ c6 6. e4 Nxc3 7. bxc3 Bg7 8.
d4 O-O 9. Be3 c5 10. Be2 Nc6 11. O-O cxd4 12. cxd4 Bg4 13. Rfd1 Qa5 14. Qxa5
Nxa5 15. Rac1 Rac8 16. d5 b6 17. Ba6 Rxc1 18. Rxc1 Bxf3 19. gxf3 Be5 20. Bd2
Bd6 21. Bxa5 bxa5 22. a4 Kg7 23. Rc8 Rxc8 24. Bxc8 Kf6 25. Bd7 Ke5 26. h3 f5
27. exf5 gxf5 28. Kf1 f4 29. Be6 Kd4 30. Ke2 Kc3 31. Bf7 Kb4 32. Be8 Kc3 33.
Bf7 Kb4 34. Be8 Kc3 1/2-1/2

[Event "Mistrzostwa Polski"]
[Site "Warsaw POL"]
[Date "2014.03.27"]
[Round "3"]
[White "Wojtaszek, Radoslaw"]
[Black "Markowski, Tomasz"]
[Result "1/2-1/2"]
[WhiteElo "2713"]
[BlackElo "2566"]
[PlyCount "119"]
[EventDate "2014.03.25"]

1. d4 Nf6 2. c4 e6 3. Nc3 Bb4 4. e3 O-O 5. Bd3 d5 6. Nf3 c5 7. O-O b6 8. a3
Bxc3 9. bxc3 Ba6 10. cxd5 Bxd3 11. Qxd3 Qxd5 12. Bb2 Nc6 13. Rfe1 Rfd8 14. Nd2
Rac8 15. e4 Qh5 16. Nf3 h6 17. Rad1 Rc7 18. h3 Rcc8 19. Qe2 Kh8 20. Rd3 Kg8 21.
Qf1 Qg6 22. Nh4 Qh5 23. Nf3 Qg6 24. Rde3 Rc7 25. g4 Rcc8 26. Qg2 Nd7 27. Qg3
Nf8 28. h4 h5 29. g5 f6 30. Kh2 Na5 31. R3e2 Nc4 32. Bc1 cxd4 33. cxd4 b5 34.
Qh3 f5 35. Bf4 fxe4 36. Rxe4 Qf5 37. Qxf5 exf5 38. Re7 Ng6 39. Rxa7 Ra8 40.
Rxa8 Rxa8 41. Bc1 Nxa3 42. Re6 Kf7 43. Rb6 Nc4 44. Rxb5 Ra2 45. Rxf5+ Ke6 46.
Rc5 Nd6 47. Be3 Nf5 48. Kh3 Ra3 49. d5+ Kd7 50. Rb5 Nxe3 51. fxe3 Rxe3 52. Kg3
Kc7 53. Rc5+ Kd8 54. Ra5 Rd3 55. Kf2 Ne7 56. Ra8+ Kc7 57. Re8 Kd6 58. Rd8+ Kc7
59. Rf8 Kd6 60. Rd8+ 1/2-1/2